Large-area 3D surface standards with polyimide for calibration of stylus and optical profilometers

Bibliographic Details
Main Authors: Matay, Ladislav, 1950- (Author), Andok, Róbert, 1973- (Author), Kostič, Ivan, 1955- (Author), Picotto, Gian Bartolo (Author)
Format: Article
Language:Slovak
English
PhysicalDescription:Fotogr., sch.
ISSN:1335-3632
Subjects:

MARC

LEADER 00000nab a2200000 a 4500
001 vtls000824340
003 SK-MaSNL
005 20260304113302.0
008 250429c2002 xo 0 slo
015 |a SNBRB2003/02-04407 
035 |a CLN000175995 
035 |a urn:nbn:sk:snk-abpg6 
035 |a (urnnbn)urn:nbn:sk:snk:ar-a03qvh 
035 |a (uuid)64ac5120-c7b0-4f19-beba-b856d214cce2 
040 |a SNKBUCL  |b slo  |c SNKBUCL  |e AACR2 
041 0 |a eng 
044 |a xo  |c SK 
080 |a 531.717.2  |2 1997 
245 0 0 |a Large-area 3D surface standards with polyimide for calibration of stylus and optical profilometers  |c Ladislav Matay ... [et al.] 
300 |b Fotogr., sch. 
504 |a Res. angl. 
504 |a Bibliogr. odkazy 
504 |a Biogr. údaje 
650 0 7 |a profilometre  |x kalibrácia  |x štandardy  |x polyimidy  |2 snkbucl  |9 1416387 
655 7 |a články z novín a časopisov  |2 snkbucl  |9 267496 
700 1 |a Matay, Ladislav,  |d 1950-  |4 aut  |9 178635 
700 1 |a Andok, Róbert,  |d 1973-  |4 aut  |9 23841 
700 1 |a Kostič, Ivan,  |d 1955-  |4 aut  |9 500588 
700 1 |a Picotto, Gian Bartolo  |4 aut  |9 1416388 
773 0 |t Journal of electrical engineering  |g Roč. 53, č. 7-8 (2002), s. 214-218  |x 1335-3632 
850 |a Slovenská národná knižnica 
852 |a Slovenská národná knižnica 
958 |a article27 
958 |a NB 
958 |a OND 
958 |a EUIPO 
999 |c 2868838  |d 2870768